Geoinformatics based meteorological and agricultural drought assessment in latur district, Maharashtra,India (Record no. 5774)
[ view plain ]
| 000 -LEADER | |
|---|---|
| fixed length control field | 00593nam a22001817a 4500 |
| 003 - CONTROL NUMBER IDENTIFIER | |
| control field | OSt |
| 005 - DATE AND TIME OF LATEST TRANSACTION | |
| control field | 20220107122831.0 |
| 008 - FIXED-LENGTH DATA ELEMENTS--GENERAL INFORMATION | |
| fixed length control field | 170802b xxu||||| |||| 00| 0 eng d |
| 040 ## - CATALOGING SOURCE | |
| Transcribing agency | IIITMK |
| 100 ## - MAIN ENTRY--PERSONAL NAME | |
| Personal name | Nikita Nair (92315018) |
| 9 (RLIN) | 12526 |
| 245 ## - TITLE STATEMENT | |
| Title | Geoinformatics based meteorological and agricultural drought assessment in latur district, Maharashtra,India |
| 300 ## - PHYSICAL DESCRIPTION | |
| Extent | MSC GIS - Main Project |
| 502 ## - DISSERTATION NOTE | |
| Degree type | MSC GIS |
| Name of granting institution | 2015-2017 |
| Year degree granted | EXT |
| -- | Dr V Ramesh<br/>Assistant Professor,TISS |
| 650 ## - SUBJECT ADDED ENTRY--TOPICAL TERM | |
| Topical term or geographic name entry element | NATURAL DISASTER |
| 9 (RLIN) | 12527 |
| 650 ## - SUBJECT ADDED ENTRY--TOPICAL TERM | |
| Topical term or geographic name entry element | NDVI |
| 9 (RLIN) | 12528 |
| 650 ## - SUBJECT ADDED ENTRY--TOPICAL TERM | |
| Topical term or geographic name entry element | REMOTE SENSING |
| 9 (RLIN) | 12529 |
| 942 ## - ADDED ENTRY ELEMENTS (KOHA) | |
| Source of classification or shelving scheme | Dewey Decimal Classification |
| Koha item type | |
| Withdrawn status | Lost status | Source of classification or shelving scheme | Damaged status | Not for loan | Collection code | Home library | Current library | Shelving location | Date acquired | Total Checkouts | Barcode | Date last seen | Price effective from | Koha item type |
|---|---|---|---|---|---|---|---|---|---|---|---|---|---|---|
| Dewey Decimal Classification | Non Fiction | IIITM-K | Kerala University of Digital Sciences, Innovation and Technology Knowledge Centre | 02/08/2017 | R-1297 | 02/08/2017 | 02/08/2017 | Project Reports |